| 000 | 01864cam a22004694i 4500 | ||
|---|---|---|---|
| 003 | PE-LiUPU | ||
| 005 | 20250731172750.0 | ||
| 008 | 150617s r 000 0 d | ||
| 035 | _a(Sirsi) a12436 | ||
| 040 |
_aPE-LiUPU _bspa _cPE-LiUPU _erda |
||
| 049 | _aPRUA | ||
| 082 | 0 | 4 |
_a227 _bB78 _221 |
| 100 | 1 |
_aBover, José M., _eautor. |
|
| 245 | 1 | 0 |
_aTeología de San Pablo / _cJosé M. Bover. |
| 264 | 1 |
_aMadrid : _bBiblioteca de Autores Cristianos, _c1967. |
|
| 300 |
_a852 páginas ; _c21 cm. |
||
| 336 |
_atext _2rdacontent |
||
| 337 |
_aunmediated _2rdamedia |
||
| 338 |
_avolume _2rdacarrier |
||
| 490 | 0 |
_aBiblioteca de Autores Cristianos ; _v16 |
|
| 505 | 0 | _aEstudio de las fuentes -- Estudios sinteticos: directrices y orientaciones -- Antecedentes de la redención: unidad, trinidad y providencia soteriológica de Dios -- Cristología: la persona del redentor -- soteriología: la obra de la redención -- Derivaciones mariológicas -- Eclesiología -- Misteriología -- Justificación y gracia -- Virtudes teologales -- Escatología. | |
| 526 | _aSEG42 | ||
| 526 | _aSEG41 | ||
| 526 | _aSEG40 | ||
| 526 | _aSEG39 | ||
| 526 | _aP94 | ||
| 526 | _aP87 | ||
| 526 | _aP86 | ||
| 526 | _aP85 | ||
| 526 | _aP77 | ||
| 526 | _aP76 | ||
| 526 | _aP35 | ||
| 600 | 1 |
_aPablo de Tarso _xTeología |
|
| 630 |
_aBiblia _pN.T. _pEpístolas de Pablo _xTeología. |
||
| 910 |
_ajck _bjvq _cjck _d20150616 |
||
| 942 |
_2ddc _cBOOK |
||
| 949 |
_a227 B78 _wDEWEY _c1 _i19192 _lCCODEBUL1 _mBUL _p00.00 _r0 _sY _tBOOK _u19810615 _xTEOLOGIA _PP35 _0COMPRA _o.STAFF. Colección general |
||
| 994 |
_aC0 _bPEPRU |
||
| 596 | _a1 | ||
| 999 |
_a227 B78 _wDEWEY _c2694 _i19192 _f2021-11-11 _g5 _lCCODEBUL1 _mBUL _r0 _sY _tBOOK _u2015-6-17 _xTEOLOGIA _PP35 _0COMPRA _o.STAFF. Colección general _d2694 |
||
| 980 |
_81 _gALBERTO SANCHEZ Responsable de Automatización |
||